Uszereguj województwa według liczby mieszkańców - Statystyki

Ogólne statystyki
  • Ten quiz został rozwiązany 28 razy
  • Średni wynik to 6 z 16
Statystyki odpowiedzi
Województwo Liczba mieszkańców (tys.) % Poprawnych
mazowieckie 5 511
100%
śląskie 4 305
88%
wielkopolskie 3 484
75%
małopolskie 3 430
58%
dolnośląskie 2 874
46%
pomorskie 2 360
46%
łódzkie 2 354
29%
opolskie 933
29%
lubelskie 2 003
21%
lubuskie 972
21%
podkarpackie 2 067
21%
kujawsko-pomorskie 1 990
17%
warmińsko-mazurskie 1 353
17%
zachodniopomorskie 1 627
17%
podlaskie 1 135
13%
świętokrzyskie 1 163
13%
Nie znaleziono quizów pasujących do podanych kryteriów
Rozkład punktacji
Procent ludzi z każdym wynikiem
Percentyl według liczby udzielonych odpowiedzi
Twoja historia wyników
Nie rozwiązałeś tego quizu